Devine le joueur (positionnement,nationalité,championnat) - Statistiques

Statistiques générales
  • Ce quiz a été pris 77 fois
  • Le résultat moyen est 16 sur 50
Statistiques - réponses
Positionnement Nationnalité Championnat Joueur % Correct
Attaquant Polonais 🇵🇱 La Liga 🇪🇸 Robert Lewandowski
100%
Attaquant Argentin 🇦🇷 Ligue 1 🇫🇷 Lionel Messi
81%
Gardien Français 🇫🇷 Premier League 🏴󠁧󠁢󠁥󠁮󠁧󠁿 Alphonse Areola
62%
Attaquant Bosniaque 🇧🇦 Serie A 🇮🇹 Edin Džeko
53%
Milieu Français 🇫🇷 Ligue 1 🇫🇷 Lorient Enzo Le Fée
53%
Gardien Italien 🇮🇹 Ligue 1 🇫🇷 Gianluigi Donnarumma
50%
Défenseur Marocain 🇲🇦 Ligue 1 🇫🇷 Achraf Hakimi
47%
Attaquant Canadien 🇨🇦 Ligue 1 🇫🇷 Jonathan David
47%
Milieu Croate 🇭🇷 La Liga 🇪🇸 Luka Modrić
47%
Gardien Belgique 🇧🇪 La Liga 🇪🇸 Thibaut Courtois
47%
Attaquant Anglais 🏴󠁧󠁢󠁥󠁮󠁧󠁿 Premier League 🏴󠁧󠁢󠁥󠁮󠁧󠁿 Tottenham Harry Kane
46%
Défenseur Anglais 🏴󠁧󠁢󠁥󠁮󠁧󠁿 Premier League 🏴󠁧󠁢󠁥󠁮󠁧󠁿 Manchester City Kyle Walker
46%
Défenseur Canadien 🇨🇦 Bundesliga 🇩🇪 Alphonso Davies
43%
Attaquant Portugais 🇵🇹 Liga Portugal 🇵🇹 Benfica Gonçalo Ramos
40%
Milieu Norvégien 🇳🇴 Premier League 🏴󠁧󠁢󠁥󠁮󠁧󠁿 Martin Ødegaard
40%
Attaquant Uruguayen 🇺🇾 Brasileirão Série A 🇧🇷 Luis Suárez
38%
Attaquant Français 🇫🇷 Serie A 🇮🇹 Olivier Giroud
38%
Attaquant Allemand 🇩🇪 Bundesliga 🇩🇪 Bayern Münich Leroy Sané
35%
Attaquant Français 🇫🇷 Bundesliga 🇩🇪 Marcus Thuram
34%
Attaquant Néerlandais 🇳🇱 La Liga 🇪🇸 Memphis Depay
34%
Milieu Italien 🇮🇹 Serie A 🇮🇹 AC Milan Sandro Tonali
34%
Attaquant Portugais 🇵🇹 Premier League 🏴󠁧󠁢󠁥󠁮󠁧󠁿 Bernardo Silva
32%
Attaquant Camerounais 🇨🇲 Bundesliga 🇩🇪 Eric Maxim Choupo-Moting
32%
Milieu Uruguayen 🇺🇾 La Liga 🇪🇸 Federico Valverde
32%
Attaquant Marocain 🇲🇦 Premier League 🏴󠁧󠁢󠁥󠁮󠁧󠁿 Hakim Ziyech
32%
Milieu Serbe 🇷🇸 Serie A 🇮🇹 Sergej Milinković-Savić
32%
Défenseur Brésilien 🇧🇷 Premier League 🏴󠁧󠁢󠁥󠁮󠁧󠁿 Thiago Silva
32%
Milieu Anglais 🏴󠁧󠁢󠁥󠁮󠁧󠁿 Premier League 🏴󠁧󠁢󠁥󠁮󠁧󠁿 Chelsea Mason Mount
31%
Attaquant Espagnol 🇪🇸 La Liga 🇪🇸 FC Barcelone Ansu Fati
29%
Milieu Néerlandais 🇳🇱 Eredivisie 🇳🇱 PSV Eindhoven Xavi Simons
29%
Attaquant Français 🇫🇷 Ligue 1 🇫🇷 Montpelier Elye Wahi
28%
Attaquant Brésilien 🇧🇷 Premier League 🏴󠁧󠁢󠁥󠁮󠁧󠁿 Roberto Firmino
28%
Milieu Argentin 🇦🇷 Premier League 🏴󠁧󠁢󠁥󠁮󠁧󠁿 Alexis Mac Allister
26%
Attaquant Argentin 🇦🇷 Serie A 🇮🇹 Paulo Dybala
24%
Milieu Brésilien 🇧🇷 Premier League 🏴󠁧󠁢󠁥󠁮󠁧󠁿 Lucas Paquetá
22%
Milieu Portugais 🇵🇹 Ligue 1 🇫🇷 Renato Sanches
22%
Attaquant Camerounais 🇨🇲 Süper Lig 🇹🇷 Vincent Aboubakar
22%
Attaquant Portugais 🇵🇹 Premier League 🏴󠁧󠁢󠁥󠁮󠁧󠁿 João Félix
21%
Milieu Allemand 🇩🇪 Bundesliga 🇩🇪 Dortmund Julian Brandt
21%
Milieu Argentin 🇦🇷 La Liga 🇪🇸 Rodrigo De Paul
19%
Milieu Polonais 🇵🇱 Ligue 1 🇫🇷 Przemysław Frankowski
18%
Défenseur Marocain 🇲🇦 Süper Lig 🇹🇷 Romain Saïss
18%
Attaquant Néerlandais 🇳🇱 Premier League 🏴󠁧󠁢󠁥󠁮󠁧󠁿 Wout Weghorst
18%
Milieu Turque 🇹🇷 Süper Lig 🇹🇷 Fernerbahçe Arda Güler
15%
Gardien Suisse 🇨🇭 Bundesliga 🇩🇪 Gregor Kobel
15%
Défenseur Néerlandais 🇳🇱 Bundesliga 🇩🇪 Jeremie Frimpong
9%
Gardien Géorgien 🇬🇪 La Liga 🇪🇸 Giorgi Mamardashvili
6%
Défenseur Norvégien 🇳🇴 Ligue 1 🇫🇷 Birger Meling
4%
Milieu Suisse 🇨🇭 Bundesliga 🇩🇪 Djibril Sow
4%
Défenseur Français 🇫🇷 La Liga 🇪🇸 Mouctar Diakhaby
0%
Aucun quiz correspondant
Distribution des résultats
% des personnes avec chaque résultat
Percentile par nombre de réponses
Votre historique - résultats
Vous n’avez pas pris ce quiz